Map of Mexico, Central America, and the West Indies

Saved in:
Bibliographic Details
Main Author: Mitchell, S. Augustus 1792-1868.
Corporate Authors: Cartography Associates., David Rumsey Collection.
Format: Electronic
Language:English
Published: [1880].
Series:David Rumsey Collection digital maps
Subjects:
Tags: Add Tag
No Tags, Be the first to tag this record!
LEADER 02050nea a2200469Ka 4500
001 012024947-2
005 20090630193809.0
008 060607t18801879paud a s 0 eng d
034 1 |a a  |b 12000000  |d W1190000  |e W0580000  |f N0380000  |g N0040000 
035 0 |a ocm70000734 
040 |a CUY  |c CUY 
052 |a 4390 
052 |a 4380 
052 |a 4960 
052 |a 4872  |b P2 
052 |a 9120 
100 1 |a Mitchell, S. Augustus  |q (Samuel Augustus),  |d 1792-1868. 
245 1 0 |a Map of Mexico, Central America, and the West Indies  |h [electronic resource]. 
255 |a Scale [ca. 1:12,000,000]  |c (W 119⁰--W 58⁰/N 38⁰--N 4⁰). 
260 |c [1880]. 
500 |a Relief shown by hachures. 
500 |a Shows states, provinces, settlements, railroads, rivers, etc. 
505 0 |a Insets: Map of the Sandwich Islands : discovered by Captn. Cook in 1778 -- Map of the island of Jamaica -- Map of the Bermuda Islands -- Map of the Panama Railroad. 
500 |a "Entered according to Act of Congress in the year 1879 by S. Augustus Mitchell in the office of the Librarian of Congress at Washington." 
500 |a Scanned raster image of original: 1 map : hand col. ; 31 x 52 cm. 
500 |a Original in the David Rumsey Collection; scanned by Cartography Associates. 
650 0 |a Railroads  |z Panama  |z Panama, Isthmus of  |v Maps. 
651 0 |a Caribbean Area  |v Maps. 
651 0 |a Hawaii  |v Maps. 
651 0 |a Jamaica  |v Maps. 
651 0 |a Bermuda Islands  |v Maps. 
651 0 |a Panama, Isthmus of (Panama)  |v Maps. 
740 0 2 |a Map of the Sandwich Islands. 
740 0 2 |a Map of the island of Jamaica. 
740 0 2 |a Map of the Bermuda Islands. 
740 0 2 |a Map of the Panama Railroad. 
710 2 |a Cartography Associates. 
710 2 |a David Rumsey Collection. 
773 0 |a Mitchell, S. Augustus (Samuel Augustus), 1792-1868.  |t Mitchell's new general atlas.  |d Philadelphia : S. Augustus Mitchell, 1880, c1879.  |g p. 100-101.  |w (OCoLC)69371482 
830 0 |a David Rumsey Collection digital maps  |5 net 
988 |a 20090630 
906 |0 OCLC